Statistics for Countries Where the Capital Doesn't Belong to the 3 Biggest Cities

Click here to take the quiz!

General Stats

  • This quiz has been taken 337 times
    (325 since last reset)
  • The average score is 13 of 30

Answer Stats

Rank in the countryCountry% Correct
#22United States
91%
#4Brazil
87%
#4Canada
86%
#8Australia
83%
#8Nigeria
66%
#185India
64%
Washington, D.C.
62%
#10Pakistan
61%
Brasília
60%
Canberra
58%
Ottawa
57%
#5Switzerland
52%
New Delhi
43%
Islamabad
42%
Abuja
41%
#4Tanzania
39%
Bern
37%
#5Kazakhstan
33%
#5Côte d'Ivoire
31%
#4Sri Lanka
31%
Dodoma
25%
#7Malta
25%
Astana
23%
#7Palau
21%
Yamoussoukro
19%
Valletta
17%
Sri Jayawardenepura Kotte
14%
Ngerulmud
13%
#4Taiwan
11%
Taipei
9%

Score Distribution

Percentile by Number Answered

Percent of People with Each Score

Your Score History

You have not taken this quiz since the last reset